000 00897nam a2200229Ia 4500
001 9769
003 GE_BSU
008 181216s||||||||xx |||||||||||||| ||und||
040 _cGE_BSU
080 _a82-93
100 _aაბზიანიძე,ზაზა
245 _aამბავი დე ლა მელასი
245 _bზღაპარი დიდებისა და პატარებისათვის
245 _cრედ.როსტომ ჩხეიძე. ილუსტრაციები ავტორის
260 _aთბილისი
260 _bლიტ.გრუზია
260 _c1997
300 _a40გვ.ილ.20სმ.
653 _aამბავი დე ლა მელასი
653 _aზღაპარი დიდებისა და პატარებისათვის
942 _cBK
999 _c43049
_d43049